000 00477nam a2200193Ia 4500
008 240510s9999 xx 000 0 und d
020 _a9789350237298
041 _aEng
082 _a005.756
082 _bD17
100 _aDATE,C.J.
245 0 _aDatabase Design and Relational Theory: Normal Forms and All That Jazz
260 _bMumbai: Shroff Publishers
260 _c2012
300 _a260 p.
650 _aRelational Databases
942 _2ddc
942 _cRBK
999 _c29355
_d29355
945 _a1
_bMadushi Gamage
_c1
_dMadushi Gamage